| 000 | 01545nam2a2200205 4500 | ||
|---|---|---|---|
| 001 | RU\NLR\PER_A\002787467_004840 | ||
| 005 | 20250625081442.0 | ||
| 035 | _a(NLR Aleph) 021998498 | ||
| 090 |
_a12447819 _c12447819 |
||
| 100 | _a20230807d2023 |||y0rusy50 ca | ||
| 101 | 0 | _arus | |
| 102 | _aRU | ||
| 200 | 0 | _a2023, № 4 | |
| 210 |
_d2023 _aБ. м. |
||
| 461 | 0 |
_1001RU\NLR\Per\535171 _12001#$aМолочная промышленность$eДвухмес. науч.-техн. и произв. журн.$fРос. гос.-кооп. об-ние мясн. и молоч. пром-сти "Росмясомолпром", Всесоюз. н.-и. и конструкт. ин-т молоч. пром-сти, Ассоц. предприятий молоч. пром-сти по комплекс. перераб. обезжир. молока, пахты и молоч. сыворотки "КООМПАС"$v2023, № 4 _92461480 _cМ. _d1992 - _fРос. гос.-кооп. об-ние мясн. и молоч. пром-сти "Росмясомолпром", Всесоюз. н.-и. и конструкт. ин-т молоч. пром-сти, Ассоц. предприятий молоч. пром-сти по комплекс. перераб. обезжир. молока, пахты и молоч. сыворотки "КООМПАС" _nКолос _oДвухмес. науч.-техн. и произв. журн. _tМолочная промышленность _v2023, № 4 |
|
| 852 |
_aNLR _jП14/75 |
||
| 942 | _cISSUE | ||
| 980 | _aNB | ||
| 980 | _aRUSPER | ||